Terpyridine-based materials (Record no. 236448)
[ view plain ]
| 000 -LEADER | |
|---|---|
| fixed length control field | 01251nam a2200301 a 4500 |
| 100 1# - MAIN ENTRY--AUTHOR NAME | |
| Personal name | Schubert, U. |
| 245 10 - TITLE STATEMENT | |
| Title | Terpyridine-based materials |
| 260 ## - PUBLICATION, DISTRIBUTION, ETC. (IMPRINT) | |
| Place of publication | Weinheim, Germany : |
| Name of publisher | Wiley-VCH, |
| Year of publication | 2011. |
| 300 ## - PHYSICAL DESCRIPTION | |
| Number of Pages | xix, 522 p. : |
| Other physical details | ill. |
| 650 #0 - SUBJECT ADDED ENTRY--TOPICAL TERM | |
| Topical Term | Pyridine. |
| 700 1# - ADDED ENTRY--PERSONAL NAME | |
| Personal name | Winter, Andreas. |
| Personal name | Newkome, George R. |
| 856 40 - ELECTRONIC LOCATION AND ACCESS | |
| Uniform Resource Identifier | http://site.ebrary.com/lib/rucke/Doc?id=10518734 |
No items available.
